Atomic Mumbai : (Record no. 76494)

MARC details
000 -LEADER
fixed length control field 00647nam a22001937a 4500
005 - DATE AND TIME OF LATEST TRANSACTION
control field 20130620105942.0
010 ## - LCCN (DPL NO)
LC control number ENG-107569
020 ## - INTERNATIONAL STANDARD BOOK NUMBER
International Standard Book Number 9780415655934
Terms of availability 895.00
035 ## - SYSTEM CONTROL NUMBER
System control number EN-91102
037 ## - SOURCE OF ACQUISITION
Source of stock number/acquisition DBAD/PUB
082 ## - DEWEY DECIMAL CLASSIFICATION NUMBER
Classification number 954.792
100 ## - MAIN ENTRY--PERSONAL NAME
Personal name Raminder Kaur
245 ## - TITLE STATEMENT
Title Atomic Mumbai :
Statement of responsibility, etc by Raminder Kaur
Remainder of title living with the radiance of a thousand suns /
260 ## - PUBLICATION, DISTRIBUTION, ETC. (IMPRINT)
Place of publication, distribution, etc New Delhi
Name of publisher, distributor, etc Routledge
Date of publication, distribution, etc 2013
270 ## - ADDRESS
Address 912, Tolstoy House, 15-17 Tolstoy Marg, Connaught Place
City New Delhi
Postal code 110001
300 ## - PHYSICAL DESCRIPTION
Extent xv,304p.:
Dimensions 23cm(Hb)
Other physical details ill.
500 ## - GENERAL NOTE
General note Includes bibliographical references and index
942 ## - ADDED ENTRY ELEMENTS (KOHA)
Source of classification or shelving scheme Dewey Decimal Classification
Item type English Books
Call number suffix RAM
Classification part 954.792
Holdings
Withdrawn status Lost status Not for loan Collection code Home library Current library Date acquired Source of acquisition Cost, normal purchase price Full call number Barcode Copy number Cost, replacement price Koha item type
    Not For Loan Non-fiction D.B.Act.Division D.B.Act.Division 06/06/2013 DBAD / PUB 895.00 954.792 RAM EN-91102 1 895.00 English Books

© Delhi Public Library
Hit Counter
free hit counter